[Event "Irkutsk Baykal op"]
[Site "Irkutsk"]
[Date "2016.07.09"]
[Round "9"]
[White "Nefedyev, Oleg G"]
[Black "Anokhin, Bogdan"]
[Result "1-0"]
[WhiteElo "1708"]
[BlackElo "1420"]
[PlyCount "107"]
[EventDate "2016.07.02"]
[EventType "swiss"]
[EventRounds "9"]
[EventCountry "RUS"]
[SourceTitle "EXT 2019"]
[Source "ChessBase"]
[SourceDate "2018.10.10"]
[SourceVersion "1"]
[SourceVersionDate "2018.10.10"]
[SourceQuality "1"]

1. d4 d5 2. Nf3 Nf6 3. Bf4 Nbd7 4. e3 c6 5. h3 h6 6. Bd3 e6 7. 0-0 Qb6 8. b3 Be7 9. Nbd2 Qd8 10. c4 0-0 11. c5 a5 12. Ne5 Nxe5 13. Bxe5 Nd7 14. Bh2 b6 15. cxb6 Nxb6 16. Rc1 Bb7 17. Nf3 Nd7 18. Bb1 Rc8 19. Qc2 g6 20. Ne5 Nxe5 21. Bxe5 Bd6 22. f4 Ba6 23. Rf3 f5 24. Qd2 Bb4 25. Qf2 Kh7 26. g4 Rg8 27. Kh2 Bb5 28. gxf5 gxf5 29. Rg1 Qe7 30. Rfg3 Qd7 31. Rg7+ Rxg7 32. Rxg7+ Qxg7 33. Bxg7 Kxg7 34. Bc2 Kh7 35. Qh4 Rf8 36. Bd1 Kg7 37. Qf2 Kh7 38. Qc2 Rc8 39. Bh5 Rc7 40. Be8 Ba3 41. Qf2 Re7 42. Bh5 Rg7 43. Be2 Bxe2 44. Qxe2 Bb4 45. Qa6 Rc7 46. Kg3 Be1+ 47. Kf3 Kg6 48. Qb6 Rc8 49. Qb7 Re8 50. Qd7 Rf8 51. Qxe6+ Rf6 52. Qg8+ Kh5 53. Qe8+ Rg6 54. Qf7 1-0

[Event "Irkutsk Baykal op"]
[Site "Irkutsk"]
[Date "2016.07.08"]
[Round "8"]
[White "Kazantsev, Andrey"]
[Black "Anokhin, Bogdan"]
[Result "0-1"]
[WhiteElo "1520"]
[BlackElo "1420"]
[PlyCount "70"]
[EventDate "2016.07.02"]
[EventType "swiss"]
[EventRounds "9"]
[EventCountry "RUS"]
[SourceTitle "EXT 2019"]
[Source "ChessBase"]
[SourceDate "2018.10.10"]
[SourceVersion "1"]
[SourceVersionDate "2018.10.10"]
[SourceQuality "1"]

1. e4 e5 2. Nf3 Nc6 3. Bc4 Nf6 4. Ng5 d5 5. exd5 Na5 6. Bb5+ c6 7. dxc6 bxc6 8. Ba4 h6 9. Nf3 e4 10. Qe2 Be7 11. Ne5 Qd5 12. d4 exd3 13. cxd3 Qxg2 14. Rf1 Bd7 15. Bd2 Nb7 16. Nc3 Nc5 17. f3 Qxe2+ 18. Kxe2 Nxa4 19. Nxa4 Be6 20. Nxc6 Bd7 21. Nxe7 Kxe7 22. Nc5 Bc6 23. Rg1 g6 24. Bb4 Kd8 25. Kf2 Nd5 26. Bc3 Nxc3 27. bxc3 Rc8 28. d4 Rb8 29. Kg3 Re8 30. a3 Re3 31. Rgf1 Rxc3 32. Na6 Rbb3 33. Nb4 Rxf3+ 34. Kg4 Bd7+ 35. Kh4 Rh3# 0-1

[Event "Irkutsk-ch"]
[Site "Irkutsk"]
[Date "2016.01.09"]
[Round "8"]
[White "Nasonova, Arina"]
[Black "Anokhin, Bogdan"]
[Result "0-1"]
[WhiteElo "1362"]
[BlackElo "1424"]
[PlyCount "98"]
[EventDate "2016.01.04"]
[EventType "swiss"]
[EventRounds "9"]
[EventCountry "RUS"]
[SourceTitle "CBM 170 Extra"]
[Source "ChessBase"]
[SourceDate "2016.02.25"]
[SourceVersion "1"]
[SourceVersionDate "2016.02.25"]
[SourceQuality "1"]

1. e4 e5 2. Nf3 Nc6 3. d4 exd4 4. Nxd4 Nxd4 5. Qxd4 Ne7 6. Nc3 Nc6 7. Qd1 Bb4 8. Bc4 d6 9. 0-0 0-0 10. Qh5 Ne5 11. Qe2 c6 12. Bd2 Re8 13. Rfe1 Bg4 14. f3 Bc5+ 15. Kh1 Bc8 16. Rad1 Qh4 17. b3 Bf2 18. Rf1 Bg3 19. h3 Bxh3 20. gxh3 Qxh3+ 21. Kg1 Nxc4 22. bxc4 Re6 23. Qg2 Qxg2+ 24. Kxg2 Rg6 25. Rg1 Be5+ 26. Kf2 Bd4+ 27. Be3 Bxc3 28. Rxg6 fxg6 29. Rxd6 Be5 30. Re6 Bf6 31. Kg3 Kf7 32. Rxf6+ gxf6 33. Kg4 a6 34. Bh6 g5 35. f4 Rg8 36. fxg5 fxg5 37. Bxg5 h6 38. e5 Rxg5+ 39. Kf4 Ke6 40. a4 Rg8 41. a5 h5 42. c3 h4 43. c5 h3 44. c4 h2 45. Ke3 h1Q 46. Kf4 Qe1 47. Kf3 Rf8+ 48. Kg4 Qg1+ 49. Kh3 Rh8# 0-1